| 000 | 01057nam a2200241 a 4500 | ||
|---|---|---|---|
| 001 | 39212 | ||
| 003 | BD-RjUL | ||
| 005 | 20211209052937.0 | ||
| 008 | 160405s2010 bg ||||| |||| 00| 0 ben d | ||
| 020 |
_a9847000001153 _c: Tk.200.00 |
||
| 035 | _a(BD-RjUL)39324 | ||
| 040 |
_aBD-RjUL _bben _cBD-RjUL |
||
| 041 | _aben | ||
| 082 |
_223 _a891.44209 _bBHR 2010 |
||
| 100 |
_aভট্টাচার্য, শাশ্বত _9120924 |
||
| 245 | 1 | 0 |
_aরবীন্দ্রনাট্যধারার প্রথম পর্যায় / _cড. শাশ্বত ভট্টাচার্য |
| 260 |
_aঢাকা : _bজাতীয় সাহিত্য প্রকাশ ; _c২০১০. |
||
| 300 |
_a১৭৯ পৃ.; _c২১ সেমি. |
||
| 504 | _aগ্রন্থপঞ্জি ও নির্দেশিকা সংযুক্ত । | ||
| 650 |
_aবাংলা নাটক _9120925 _vইতিহাস ও সমালোচনা |
||
| 650 |
_aBengali drama _9120926 _vHistory and criticism |
||
| 942 |
_2ddc _cBK |
||
| 999 |
_c39212 _d39212 |
||